| 000 | 00792nam a2200217 a 4500 | ||
|---|---|---|---|
| 001 | 000022569 | ||
| 005 | 20200930021659.0 | ||
| 008 | 101013s2006 xxua 000 m spa d | ||
| 040 |
_aDO-SdBNP _bspa _cBNPHU |
||
| 082 |
_a972.91064 _bA797g |
||
| 100 | 1 |
_aArzuaga, Javier, _946452 |
|
| 245 | 1 | 0 |
_aCuba, 1959 : _bla galera de la muerte / _cJavier Arzuaga; prólogo Andrés Candelario, edición, José Rivero García. |
| 260 |
_aMiami, (Estados Unidos) : _bEditorial Carta de Cuba, _c2006. |
||
| 300 |
_a143 p. : _bil. ; _c22 cm. |
||
| 500 | _aIncluye notas al pie de las páginas. | ||
| 651 | 4 |
_aCuba _xHistoria _9493 |
|
| 650 | 4 |
_aLa violencia política _zCuba _946453 |
|
| 651 | 4 |
_aCuba _xPolítica Y Gobierno _y1959-1990 _95620 |
|
| 700 | 1 |
_aCandelario, Andrés, _epról. _946454 |
|
| 049 | _aBNPD | ||
| 999 |
_c22066 _d22066 |
||